| 000 | 00537nam a2200145 a 4500 | ||
|---|---|---|---|
| 008 | 120416s1983 ||||||||||||||||| || u | ||
| 020 | _a0442305435 | ||
| 050 | _aHJ 9925.G7 Pub | ||
| 100 | _aHenley, Douglas, sir | ||
| 245 | 1 | 0 | _aPublic sector accounting and financial control |
| 260 |
_aBerkshire, Eng. _bVan Nostrand _c1983 |
||
| 300 | _axiv, 251p. : ill. | ||
| 350 | _a0.00 | ||
| 995 |
_D0.00 _FCBU-MAIN LIBRARY (Kitwe) _H1 _I9.50 _M1 _UAVAILABLE _ZAnnex Low-Usage Collection |
||
| 999 |
_c55327 _d55327 |
||